Syntax

Gardado en:
Detalles Bibliográficos
Autor Principal: Khoa Anh
Formato: Libro
Idioma:English
Publicado: ĐHNN
Những chủ đề:
Các nhãn: Engadir etiqueta
Sen Etiquetas, Sexa o primeiro en etiquetar este rexistro!
Thư viện lưu trữ: Mạng thư viện Đại học Đà Nẵng
LEADER 00987cam a22003251a 4500
001 000035361
003 11639
005 20151207000000.0
008 151207s0 000 eng
041 |a eng 
082 |a 420.4  |b KH-A 
100 |a Khoa Anh 
245 |a Syntax  |c Khoa Anh 
260 |a ĐHNN 
300 |a 31tr . : mh ; 30cm 
650 |a Syntax, KH-A, 420.4, Cú pháp học tiếng anh 
852 |b Chuyên đề  |c Giáo trình 
OWN |a LNN 
AVA |a UDN50  |b LNN  |d 420.4 KH-A  |e available  |t Error 5001 Not defined in file expand_doc_bib_avail.  |f 1  |g 0  |h N  |i 0  |k 1 
999 |a From the UDN01 
AVA |a UDN50  |b LNN  |d 420.4 KH-A  |e available  |t Error 5001 Not defined in file expand_doc_bib_avail.  |f 1  |g 0  |h N  |i 0  |k 1 
TYP |a Monograph 
TYP |a Printed language 
980 |a Mạng thư viện Đại học Đà Nẵng